000 00584nam a2200217 a 4500
001 BRCA_3881
005 20190320204448.0
008 271209s1937----mx-#######---#000-0#spa-#
041 _aspa
044 _amx
050 4 _aF1232.S2
_b.M86 1937
100 1 _aMuñoz, Rafael F.
_910102
245 1 0 _aAntonio López de Santa Anna
_cRafael F. Muñoz.
260 _aMéxico
_bMéxico Nuevo
_c1937
300 _a249 p.
_c22 cm.
500 _aC41
504 _aBibliografía: p. 245-247.
600 1 4 _aSanta Anna, Antonio López de
_d1795-1876.
_910103
902 _aGFM
942 _2lcc
_cB
999 _c3609
_d3609